000 00322nam a22001337a 4500
008 180123b xxu||||| |||| 00| 0 eng d
020 _a9780205329557
041 _aeng
080 _a37
100 _a47
101 _aedu
245 _adevelopment a profesional teaching portofolio
_cpatricia.m.c
942 _2udc
_cBK
999 _c40751
_d40751